000 00561nam a2200193Ia 4500
005 20250507130333.0
008 008 250505s9999 xx 000 0 eng d
020 _a9780674017733
037 _aAnnuals, Advances
040 _aEASL
_beng
_cEASL
041 _aeng
_2eng
084 _aNR.42, P5
_qEASL
100 _aAoyagi Hiroshi Au.
_9665023
245 0 _aIslands of eight million smiles
260 _aUK
_blondon Hardward University press
_c2005
300 _axvi,290p.
942 _cTEXL
_hNR.42, P5
999 _c1319091
_d1319091